000 01162cam a22002894a 4500
001 11841590
003 NUST
005 20221024185020.0
008 991110s2000 caua b 001 0 eng
010 _a 99068829
020 _a8131208451
020 _a0123797772 (alk. paper)
040 _aDLC
_cDLC
_dDLC
042 _apcc
050 0 0 _aTA1634
_b.C648 2000
082 0 0 _a006.37,COM
_221
245 0 0 _aComputer vision and applications :
_ba guide for students and practitioners /
_ceditors, Bernd Jähne and Horst Haussecker.
260 _aSan Diego :
_bAcademic Press,
_cc2000.
300 _axxi, 679 p. :
_bill. ;
_c23 cm. +
_e1 computer optical disc (4 3/4 in.)
505 _aPart-1: Sensors and Imaging (Page-11), Part-1: Signals Processing Pattern Recognition (Page-211), Part-3: Application Gallery (Page-609).
650 0 _aComputer vision.
700 1 _aJähne, Bernd,
_d1953-
_9101329
700 1 _aHaussecker, Horst.
_9101330
856 4 1 _3Table of contents
_uhttp://www.loc.gov/catdir/toc/els033/99068829.html
856 4 2 _3Publisher description
_uhttp://www.loc.gov/catdir/description/els033/99068829.html
942 _2ddc
_cBK
_k006.37,COM
999 _c592023
_d592023